Promoting executive function in the classroom (Record no. 1387)
| 000 -LEADER | |
|---|---|
| fixed length control field | 00615nam a22002057a 4500 |
| 003 - CONTROL NUMBER IDENTIFIER | |
| control field | OSt |
| 005 - DATE AND TIME OF LATEST TRANSACTION | |
| control field | 20140924141127.0 |
| 008 - FIXED-LENGTH DATA ELEMENTS--GENERAL INFORMATION | |
| fixed length control field | 140924b xxu||||| |||| 00| 0 eng d |
| 020 ## - INTERNATIONAL STANDARD BOOK NUMBER | |
| International Standard Book Number | 9781606236161 |
| 050 ## - LIBRARY OF CONGRESS CALL NUMBER | |
| Classification number | LB3013 .M397 2010 |
| 100 ## - MAIN ENTRY--PERSONAL NAME | |
| Personal name | Meltzer, Lynn. |
| 245 ## - TITLE STATEMENT | |
| Title | Promoting executive function in the classroom |
| Statement of responsibility, etc | Lynn Meltzer |
| 260 ## - PUBLICATION, DISTRIBUTION, ETC. (IMPRINT) | |
| Place of publication, distribution, etc | New York |
| Name of publisher, distributor, etc | Guilford Press |
| Date of publication, distribution, etc | 2010 |
| 300 ## - PHYSICAL DESCRIPTION | |
| Extent | xx, 252 p. : |
| Other physical details | ill. |
| Dimensions | 27 cm. |
| 504 ## - BIBLIOGRAPHY, ETC. NOTE | |
| Bibliography, etc | Includes bibliographical references and index. |
| 650 ## - SUBJECT ADDED ENTRY--TOPICAL TERM | |
| Topical term or geographic name as entry element | Curriculum planning. |
| 650 ## - SUBJECT ADDED ENTRY--TOPICAL TERM | |
| Topical term or geographic name as entry element | Classroom management. |
| 650 ## - SUBJECT ADDED ENTRY--TOPICAL TERM | |
| Topical term or geographic name as entry element | Classroom environment. |
| 942 ## - ADDED ENTRY ELEMENTS (KOHA) | |
| Source of classification or shelving scheme | |
| Koha item type | Book |
| Withdrawn status | Lost status | Source of classification or shelving scheme | Damaged status | Not for loan | Home library | Current library | Shelving location | Date acquired | Total Checkouts | Full call number | Barcode | Date last seen | Copy number | Price effective from | Koha item type |
|---|---|---|---|---|---|---|---|---|---|---|---|---|---|---|---|
| Riara University Library | Riara University Library | General stack | 24/09/2014 | LB3013 .M397 2010 | 4963/14 | 24/09/2014 | C.1 | 24/09/2014 | Book | ||||||
| Riara University Library | Riara University Library | General stack | 24/09/2014 | LB3013 .M397 2010 | 4964/14 | 24/09/2014 | C.2 | 24/09/2014 | Book | ||||||
| Riara University Library | Riara University Library | General stack | 24/09/2014 | LB3013 .M397 2010 | 4965/14 | 24/09/2014 | C.3 | 24/09/2014 | Book |
